| 000 | 00695nam a22001577a 4500 | ||
|---|---|---|---|
| 008 | 110804t xxu||||g |||| 000 0 ara d | ||
| 082 |
_222 _a297.2465 _bع ث م |
||
| 100 |
_926580 _aعثمان،فتحى |
||
| 245 |
_aمع المسيح فى الأناجيل الأربعة/ _cفتحى عثمان. |
||
| 260 |
_a[القاهرة]: _bالرار القومية للطباعة و النشر،[1966] _c[1966]. |
||
| 300 |
_a461ص، _c24سم |
||
| 650 |
_926579 _a الاسلام و المسيحية |
||
| 653 |
_bGeneral _cAugust2011 |
||
| 942 |
_2ddc _cBB |
||
| 999 |
_c15786 _d15786 |
||